Normal view
MARC view
- Cylinders
Entry Topical Term
001 - CONTROL NUMBER
- control field: 40729
003 - CONTROL NUMBER IDENTIFIER
- control field: NUST
005 - DATE AND TIME OF LATEST TRANSACTION
- control field: 20210314131851.0
008 - FIXED-LENGTH DATA ELEMENTS
- fixed length control field: 210314|| aca||aabn | a|a d
040 ## - CATALOGING SOURCE
- Original cataloging agency: NUST
- Transcribing agency: NUST
150 ## - HEADING--TOPICAL TERM
- Topical term or geographic name entry element: Cylinders
- General subdivision: Vibration
670 ## - SOURCE DATA FOUND
- Source citation: Work cat.: (NUST): Chen, Shoei-sheng. 40728, Flow-induced vibration of circular cylindrical structures /, c1987.
